Statistics for Disney Songs in Movies Quiz

Click here to take the quiz!

General Stats

  • This quiz has been taken 246,626 times
    (186,645 since last reset)
  • The average score is 14 of 18

Answer Stats

SongMovie% Correct
Let It GoFrozen
98%
Circle of LifeThe Lion King
96%
Arabian NightsAladdin
95%
Under the SeaThe Little Mermaid
94%
Bibbidi-Bobbidi-BooCinderella
92%
Be Our GuestBeauty and the Beast
92%
You've Got a Friend in MeToy Story
87%
Bare NecessitiesThe Jungle Book
85%
Colors of the WindPocahontas
82%
Someday My Prince Will ComeSnow White
80%
Once Upon a DreamSleeping Beauty
74%
ReflectionMulan
73%
When You Wish Upon a StarPinocchio
66%
I Won't Say (I'm In Love)Hercules
54%
You'll Be in My HeartTarzan
53%
Feed the BirdsMary Poppins
49%
Almost TherePrincess and the Frog
49%
Bella NotteLady and the Tramp
46%

Score Distribution

Percentile by Number Answered

Percent of People with Each Score

Your Score History

You have not taken this quiz since the last reset